Mecánica vectorial para ingenieros : Vol.1: Estática; Vol.2: Dinámica /
Guardado en:
| Autor Principal: | |
|---|---|
| Otros Autores: | |
| Formato: | Libro |
| Idioma: | Spanish |
| Publicado: |
Bogotá, Colombia ; México, D.F. :
McGraw-Hill Latinoamericana,
1979-1973.
|
| Edición: | 2da. ed. (Dinámica), 3ra. ed. (Estática). |
| Materias: | |
| Etiquetas: |
Agregar Etiqueta
Sin Etiquetas, Sea el primero en etiquetar este registro!
|
| LEADER | 01257nam a22002655a 4500 | ||
|---|---|---|---|
| 001 | EIQ.libpla004524 | ||
| 008 | 051012m19791973mx#a#####b####001#0#spa#d | ||
| 005 | 20150513130847.0 | ||
| 245 | 0 | 0 | |a Mecánica vectorial para ingenieros : |b Vol.1: Estática; Vol.2: Dinámica / |c Ferdinand P. Beer, E. Russell Johnston, Jr. ; traducción y adaptación de José Vicente Casas Reyes. |
| 250 | |a 2da. ed. (Dinámica), 3ra. ed. (Estática). | ||
| 260 | |a Bogotá, Colombia ; |a México, D.F. : |b McGraw-Hill Latinoamericana, |c 1979-1973. | ||
| 300 | |a 2 v. : |b il. ; |c 23 cm. | ||
| 500 | |a Traduccido de la 2da. edición en inglés de: Vector mechanics for engineers: Dynamics. 1972. | ||
| 500 | |a Traduccido de la 3ra. edición en inglés de: Vector mechanics for engineers: Estatics. 1977. | ||
| 504 | |a Incluye índice. | ||
| 505 | 0 | |a v. 1. Estática -- v. 2. Dinámica. | |
| 020 | |a 0070915326 (Dinámica) | ||
| 020 | |a 0070919674 (Estática) | ||
| 100 | 1 | |a Beer, Ferdinand Pierre, |d 1915. | |
| 700 | 1 | |a Johnston Jr., E. Russell. | |
| 082 | 0 | 4 | |a 531.11 |2 21 |
| 650 | 7 | |a Mecánica de sólidos |x Dinámica | |
| 650 | 7 | |a Solid mechanics |x Dynamics | |
| 859 | |a AR-BbSID |b BIB. PLAPIQUI |h 531.11 |i B392 |p 6404 |v 1 |3 Vol. 1 | ||
| 859 | |a AR-BbSID |b BIB. PLAPIQUI |h 531.11 |i B392 |p 6403 |v 2 |3 Vol. 2 | ||
